000 00797pam a2200265 a 4500
008
020 _a0137707517 (hbk.)
049 _aMAIN
090 _aQD475
100 1 _aLappin, Graham.
245 1 0 _aRedox mechanisms in inorganic chemistry /
_cGraham Lappin.
260 _aNew York :
_bEllis Horwood ,
_c1994.
300 _a285 p. :
_bill. ;
_c25 cm.
440 0 _aEllis Horwood series in inorganic chemistry
504 _aIncludes bibliographical references.
500 _aIncludes index.
650 0 _aOxidation-reduction reaction.
650 0 _aInorganic compounds.
650 _aInorganic chemistry.
907 _a.b1004937x
_b23-01-06
_c17-04-03
003
005 20230123133222.0
040 _cNUST
942 _cBOOKS
_kQD475
999 _c144782
_d144782